Online
Catalog

Twin of fire / (Record no. 18203)

MARC details
000 -CABECERA
campo de control de longitud fija 00782nam a2200217 a 4500
001 - NÚMERO DE CONTROL
campo de control 000018683
003 - IDENTIFICADOR DEL NÚMERO DE CONTROL
campo de control UkOxU
005 - FECHA Y HORA DE LA ÚLTIMA TRANSACCIÓN
campo de control 20200929165835.0
008 - DATOS DE LONGITUD FIJA--INFORMACIÓN GENERAL
campo de control de longitud fija 900521r19871985enk 000 1 eng d
020 ## - NÚMERO INTERNACIONAL ESTÁNDAR DEL LIBRO
Número Internacional Estándar del Libro 009945310X
040 ## - FUENTE DE LA CATALOGACIÓN
Centro catalogador/agencia de origen DO-SdBNP
082 ## - NÚMERO DE LA CLASIFICACIÓN DECIMAL DEWEY
Número de clasificación D0400594371
100 1# - ENTRADA PRINCIPAL--NOMBRE DE PERSONA
Nombre de persona Deveraux, Jude.
9 (RLIN) 40344
245 10 - MENCIÓN DE TÍTULO
Título Twin of fire /
Mención de responsabilidad, etc. Jude Deveraux.
260 ## - PUBLICACIÓN, DISTRIBUCIÓN, ETC.
Lugar de publicación, distribución, etc. London :
Nombre del editor, distribuidor, etc. Arrow,
Fecha de publicación, distribución, etc. 1987, c1985.
300 ## - DESCRIPCIÓN FÍSICA
Extensión 308 p. ;
Dimensiones 18 cm.
500 ## - NOTA GENERAL
Nota general First published in Great Britain: 1986
852 ## - LOCALIZACIÓN
-- 16157937
-- In place
-- 400594376
852 ## - LOCALIZACIÓN
-- 16157936
-- In place
-- 400722144
910 ## - DATOS DE OPCIÓN DEL USUARIO (OCLC)
Datos de opción del usuario Catalogación derivada /Oxford
Holdings
Estado de retiro Estado de pérdida Restricciones de uso No para préstamo Código de colección Localización permanente Ubicación/localización actual Ubicación en estantería Fecha de adquisición Número de inventario Total de préstamos Signatura topográfica completa Código de barras Fecha visto por última vez Precio válido a partir de Tipo de ítem Koha
      Préstamo restrigido Monografías: Libros y Folletos General General En encuadernación 13.05.2010 LF1   D0400594371 18683-10 25.06.2020 25.06.2020 No se presta

Powered by Koha